¿En qué punto estamos? : (Registro nro. 44559)
[ vista simple ]
| 000 -LEADER | |
|---|---|
| campo de control de longitud fija | 01863nam a2200337 a 4500 |
| 001 - NÚMERO DE CONTROL | |
| campo de control | 44559 |
| 003 - IDENTIFICADOR DE NÚMERO DE CONTROL | |
| campo de control | AR-BaAGN |
| 005 - FECHA Y HORA DE LA ÚLTIMA TRANSACCIÓN | |
| campo de control | 20231117134856.0 |
| 007 - CAMPO FIJO DE DESCRIPCIÓN FÍSICA--INFORMACIÓN GENERAL | |
| campo de control de longitud fija | ta |
| 008 - DATOS DE LONGITUD FIJA--INFORMACIÓN GENERAL | |
| campo de control de longitud fija | s2020 ag |||||r|||| ||| ||spa d |
| 020 ## - NÚMERO INTERNACIONAL ESTÁNDAR DEL LIBRO | |
| Número Internacional Estándar del Libro | 9789878388212 |
| 040 ## - FUENTE DE CATALOGACIÓN | |
| Centro catalogador/agencia de origen | AR-BaAGN |
| Lengua de catalogación | español |
| Normas de descripción | aacr |
| 942 ## - ELEMENTOS DE ENTRADA SECUNDARIOS (KOHA) | |
| Tipo de ítem Koha | Libro |
| Prefijo de la signatura | AGN |
| Suprimir en OPAC | No |
| 100 1# - ENTRADA PRINCIPAL--NOMBRE DE PERSONA | |
| Nombre de persona | Agamben, Giorgio, |
| Fechas asociadas al nombre | 1942- |
| ID autoridades | 4284 |
| 240 ## - TÍTULO UNIFORME | |
| Título uniforme | A che punto siamo? L'epidemia come politica. |
| Lenguaje de la obra | Español |
| 245 11 - MENCIÓN DEL TÍTULO | |
| Título | ¿En qué punto estamos? : |
| Resto del título | la epidemia como política / |
| Mención de responsabilidad, etc. | Giorgio Agamben ; traducción de Rodrigo Molina-Zavalía y María Teresa D'Meza |
| 250 ## - MENCION DE EDICION | |
| Mención de edición | ampliada con nuevos artículos |
| 260 ## - PUBLICACIÓN, DISTRIBUCIÓN, ETC. | |
| Lugar de publicación, distribución, etc. | [Buenos Aires] : |
| Nombre del editor, distribuidor, etc. | Adriana Hidalgo, |
| Fecha de publicación, distribución, etc. | 2020. |
| 300 ## - DESCRIPCIÓN FÍSICA | |
| Extensión | 131 páginas ; |
| Dimensiones | 20 cm |
| 336 ## - TIPO DE CONTENIDO | |
| Fuente | rdacontent |
| Código de tipo de contenido | texto |
| 337 ## - TIPO DE MEDIO | |
| Fuente | rdamedia |
| Código del tipo de medio | no mediado |
| 338 ## - TIPO DE SOPORTE | |
| Fuente | rdacarrier |
| Código del tipo de soporte | volumen |
| 490 0# - MENCIÓN DE SERIE | |
| Mención de serie | Filosofía e historia |
| 500 ## - NOTA GENERAL | |
| Nota general | Título original: A che punto siamo? Lépidemia come politica |
| 500 ## - NOTA GENERAL | |
| Nota general | Traducción: Rodrigo Molina-Zavalía y María Teresa D´Meza Pérez |
| 505 0# - NOTA DE CONTENIDO CON FORMATO | |
| Nota de contenido con formato | 1. La invención de una epidemia -- 2. Contagio -- 3. Aclaraciones -- 4. ¿En qué punto estamos? -- 5. Reflexiones sobre la peste -- 6. La epidemia muestra que el estado de excepción se ha vuelto regla -- 7. Distanciamiento social -- 8. Una pregunta -- 9. La vida desnuda -- 10. Nuevas reflexiones -- 11. Sobre lo verdadero y sobre lo falso -- 12. La medicina como religión -- 13. Bioseguridad y política -- 14. Polemos epidemios -- 15. Réquiem por los estudiantes -- 16. Dos vocablos infames -- 17. El derecho y la vida -- 18 ¿Qué es el miedo ? -- 19. Estado de excepción y estado de emergencia -- 20. Cuando la casa se quema -- 21. El rostro y la máscara -- 22. Algunos datos. |
| 650 #4 - PUNTO DE ACCESO ADICIONAL DE MATERIA--TÉRMINO DE MATERIA | |
| Término de materia o nombre geográfico como elemento de entrada | FILOSOFÍA |
| ID autoridades | 1702 |
| 650 #4 - PUNTO DE ACCESO ADICIONAL DE MATERIA--TÉRMINO DE MATERIA | |
| ID autoridades | 1498 |
| Término de materia o nombre geográfico como elemento de entrada | EPIDEMIAS |
| 700 1# - ENTRADA AGREGADA--NOMBRE PERSONAL | |
| Nombre de persona | Molina-Zavalía, Rodrigo |
| Término indicativo de función/relación | traductor |
| ID autoridades | 4285 |
| 700 1# - ENTRADA AGREGADA--NOMBRE PERSONAL | |
| Nombre de persona | D'Meza, María Teresa |
| Término indicativo de función/relación | traductor |
| ID autoridades | 4286 |
| Estado de retiro | Estado de pérdida | Fuente del sistema de clasificación o colocación | Estado de conservación | Biblioteca actual | Ubicación en estantería | Signatura topográfica completa | Código de barras | Tipo de ítem Koha |
|---|---|---|---|---|---|---|---|---|
| Clasificación Decimal Dewey | Biblioteca del Archivo General de la Nación | AGN - Biblioteca | AGN 20969 | AGN-20969 | Libro |
